000 00817nas a2200229 454500
001 31029
005 20260407193508.0
008 260407s1984####ag###########|||spa#d
003 AR-UNSa-BCEJYS
040 _aAR-UNSa-BCEJYS
_bspa
_cAR-UNSa-BCEJYS
080 _a339.9
_xEconomía internacional en general. Relaciones económicas internacionales. Economía mundial
245 1 0 _aThe Economist
264 1 _aLondon :
_bThe Economist Intelligence
_c1984
310 _aFrecuencia: Irregular
041 _aspa
942 _cSER
590 _aniveau_biblio:s niveau_hierar:1
100 1 _aThe Economist Intelligence Unit (EIU)
650 _aECONOMIA
650 _aECONOMIA INTERNACIONAL
856 4 1 _uhttps://biblioeco.unsa.edu.ar/pmb/images/revistas/The future of European agriculture-r.jpg
_yImagen de portada
_qimage/jpeg
999 _c8702
_d8702